Statistiche per Paesi che confinano con questo mare - quiz di selezione

Clicka qui per fare il quiz!

Statistiche generali

  • Questo quiz è stato fatto 139 volte
  • Il punteggio medio è 60 su 80

Statistiche sulle risposte

DomandaCasellaSelect% Corretto
Mar Baltico?SlovacchiaNo
96%
Mar Baltico?UcrainaNo
95%
Mar Baltico?IrlandaNo
94%
Mar Baltico?IslandaNo
94%
Mar Baltico?Estonia
93%
Mar Baltico?Finlandia
93%
Mar Baltico?Lettonia
93%
Mar Rosso ?LibiaNo
93%
Mar Baltico?BielorussiaNo
92%
Mar Nero?ItaliaNo
91%
Mare del Nord? Mare del Nord?PortogalloNo
91%
Mar Nero?AlbaniaNo
90%
Mar Nero?CroaziaNo
90%
Mar Cinese Meridionale ?PakistanNo
90%
Mar Nero?IsraeleNo
89%
Mar Baltico?Lituania
89%
Mar Baltico?Paesi BassiNo
89%
Mar Nero?CiproNo
88%
Mare del Nord? Mare del Nord?LettoniaNo
88%
Mare del Nord? Mare del Nord?LituaniaNo
88%
Mare del Nord? Mare del Nord?SpagnaNo
87%
Mar Cinese Meridionale ?AustraliaNo
86%
Mar Cinese Meridionale ?Cina
86%
Mare del Nord? Mare del Nord?EstoniaNo
86%
Mar Nero?GreciaNo
86%
Mar Rosso ?LibanoNo
86%
Mare del Nord? Mare del Nord?PoloniaNo
86%
Mar Baltico?Svezia
85%
Mar Rosso ?BahreïnNo
84%
Mar Cinese Meridionale ?IndiaNo
83%
Mar Cinese Meridionale ?RussiaNo
83%
Mar Nero?SiriaNo
83%
Mar Rosso ?Emirati Arabi UnitiNo
82%
Mar Rosso ?QatarNo
82%
Mar Rosso ?IranNo
81%
Mar Baltico?Danimarca
80%
Mare del Nord? Mare del Nord?Norvegia
80%
Mar Nero?Ucraina
79%
Mar Rosso ?Arabia Saudita
78%
Mar Rosso ?Egitto
78%
Mar Rosso ?IraqNo
78%
Mar Cinese Meridionale ?LaosNo
77%
Mar Nero?MoldaviaNo
76%
Mar Cinese Meridionale ?Taiwan
76%
Mar Cinese Meridionale ?Filippine
74%
Mare del Nord? Mare del Nord?FinlandiaNo
74%
Mar Rosso ?OmanNo
74%
Mar Nero?Turchia
73%
Mar Cinese Meridionale ?Corea del NordNo
72%
Mare del Nord? Mare del Nord?Regno Unito
72%
Mar Baltico?Russia
72%
Mar Rosso ?IsraeleNo
71%
Mar Baltico?Polonia
70%
Mar Rosso ?EtiopiaNo
69%
Mar Nero?Georgia
69%
Mar Nero?Romania
69%
Mare del Nord? Mare del Nord?RussiaNo
69%
Mar Nero?AzerbaijanNo
68%
Mar Rosso ?Eritrea
68%
Mar Nero?ArmeniaNo
67%
Mare del Nord? Mare del Nord?Danimarca
67%
Mar Baltico?Germania
65%
Mar Cinese Meridionale ?Vietnam
65%
Mar Nero?Bulgaria
63%
Mar Rosso ?Gibuti
63%
Mar Nero?Russia
62%
Mar Rosso ?Yemen
62%
Mar Baltico?NorvegiaNo
61%
Mare del Nord? Mare del Nord?Paesi Bassi
60%
Mar Cinese Meridionale ?Malesia
58%
Mar Cinese Meridionale ?Indonesia
54%
Mar Cinese Meridionale ?Corea del SudNo
51%
Mare del Nord? Mare del Nord?Germania
50%
Mare del Nord? Mare del Nord?Belgio
48%
Mare del Nord? Mare del Nord?SveziaNo
48%
Mar Cinese Meridionale ?GiapponeNo
47%
Mar Cinese Meridionale ?Singapore
44%
Mar Rosso ?Sudan
44%
Mar Cinese Meridionale ?Brunei
39%
Mare del Nord? Mare del Nord?Francia
38%

Distribuzione punteggi

Percentile per numero di risposta

Percentuale di utenti per punteggio

I tuoi punteggi nel tempo

Non hai fatto questo quiz